000
00304nam a22001337a 4500
008
171030b xxu||||| |||| 00| 0 eng d
020
_a
0262071215
041
_a
eng
080
_a
338.5
100
_a
57
101
_a
QMI
245
_a
THE INFORMATIONAL ROLE OF PROCES
_c
GROSSMAN.S
942
_2
udc
_c
BK
999
_c
36472
_d
36472